Sports Quiz

Random Sports or Baseball Quiz

1-team MLB Players (Pitchers) Quiz Stats

 Plays Quiz not verified by Sporcle

Challenge
Share
Tweet
Embed
Score 0/24 Timer 10:00
0 Plays Today
Games Pitcher % Correct
917* (1995-2009)Mariano Rivera
77.7%
933 (1907-1927)Walter Johnson
74.7%
500 (1950-1967)Whitey Ford
61.8%
596 (1959-1975)Bob Gibson
54%
576 (1965-1984)Jim Palmer
48.7%
547 (1956-1969)Don Drysdale
47.3%
570 (1936-1956)Bob Feller
41.9%
535 (1928-1943)Carl Hubbell
24.7%
615 (1941-1958)Bob Lemon
19.6%
705 (1923-1946)Ted Lyons
18.5%
670 (1914-1933)Red Faber
12.1%
406 (1973-1985)Steve Rogers
8.6%
Games Pitcher % Correct
516 (1950-1967)Vern Law
7.5%
448* (2001-2009)Scot Shields
5.9%
430 (1970-1984)Paul Splittorff
4.6%
584 (1959-1975)Mel Harder
3.8%
540 (1912-1926)Hooks Dauss
3.5%
637 (1977-1989)Bob Stanley
3%
424 (1930-1946)Tommy Bridges
1.9%
414 (1976-1985)Rick Camp
1.9%
546 (1965-1980)John Hiller
1.6%
507 (1920-1932)Eddie Rommel
0.5%
450 (1931-1946)Hal Schumacher
0.5%
445 (1943-1954)Al Brazle
0.5%

You're not logged in!

Compare scores with friends on all Sporcle quizzes.
Join for Free
OR
Log In

You Might Also Like...

Show Comments

Extras

Top Quizzes Today


Score Distribution

Your Account Isn't Verified!

In order to create a playlist on Sporcle, you need to verify the email address you used during registration. Go to your Sporcle Settings to finish the process.

Report this User

Report this user for behavior that violates our Community Guidelines.

Details: